| 000 | 00536nam a2200193Ia 4500 | ||
|---|---|---|---|
| 005 | 20250507130252.0 | ||
| 008 | 008 250505s9999 xx 000 0 eng d | ||
| 037 | _aSeries Article | ||
| 040 |
_aEASL _beng _cEASL |
||
| 041 |
_aeng _2eng |
||
| 084 | _qEASL | ||
| 100 |
_aCook Alistair D. B _9670364 |
||
| 245 | 0 | _aMyanmar's China policy:Agendas,strategies and challenges | |
| 260 |
_aIndia _bNew delhi Sage Publications _c2012 |
||
| 300 | _a269-282 | ||
| 650 | _aChina | ||
| 942 | _cSRA | ||
| 999 |
_c1318677 _d1318677 |
||